000 00594nam a2200217Ia 4500
003 OSt
005 20221007065433.0
006 a|||||r|||| 00| 0
007 ta
008 221006b |||||||| |||| 00| 0 eng d
024 _a42,854
037 _cDissertations
040 _aFLL
_cFLL
_beng
041 _2eng
_aeng
100 _aSingh N. K.
245 0 _aJudicial activism and its overreach vis-a-vis judicial self restraint
260 _aFaculty
_bof law University of Delhi
_c2015
300 _a107 xxv
_ccm.
942 _cDIS
_2CC
999 _c1137282
_d1137282